| 000 | 01166pam a2200289 a 4500 | ||
|---|---|---|---|
| 001 | 2976647 | ||
| 003 | ARRUPE | ||
| 005 | 20220401082516.0 | ||
| 008 | 920325s1993 enka b 001 0 eng | ||
| 010 | _a 92012657 | ||
| 020 | _a0521430402 | ||
| 020 | _a0521436257 (pbk.) | ||
| 040 |
_aDLC _cDLC _dDLC |
||
| 050 | 0 | 0 |
_aBD161 _b.M89 1992 |
| 082 | 0 | 0 |
_a121 _220 |
| 100 | 1 |
_aMusgrave, Alan. _919790 |
|
| 245 | 1 | 0 |
_aCommon sense, science, and scepticism : _ba historical introduction to the theory of knowledge / _cAlan Musgrave. |
| 260 |
_aCambridge ; _aNew York : _bCambridge University Press, _c1993. |
||
| 300 |
_axiv, 310 p. : _bill. ; _c22 cm. |
||
| 504 | _aIncludes bibliographical references (p. 301-305) and index. | ||
| 650 | 0 | _aKnowledge, Theory of. | |
| 856 | 4 | 1 |
_3Table of contents _uhttp://www.loc.gov/catdir/toc/cam023/92012657.html |
| 856 | 4 | 2 |
_3Publisher description _uhttp://www.loc.gov/catdir/description/cam025/92012657.html |
| 906 |
_a7 _bcbc _corignew _d1 _eocip _f19 _gy-gencatlg |
||
| 942 |
_2lcc _cMONOGRAPH |
||
| 999 |
_c131183 _d131183 |
||